000
00333nam a2200121Ia 4500
008
170224s9999 xx 000 0 und d
245
_a
Nursing workload in the acute-care setting: A concept analysis of nursing workload
260
_b
Nursing Outlook
260
_c
2016
300
_a
64:3
500
_a
May-June
650
_x
Nursing.
999
_c
317042
_d
317042